Country Name Etymologies Click Quiz: K & L - Statistics

General Stats
  • This quiz has been taken 93 times
  • The average score is 12 of 15
Answer Stats
Hint Extra Hint Answer % Correct
Land of the Kazakhs Kazakh / Persian Kazakhstan
97%
Land of the Lao people French Laos
97%
Named for the Libyan berbers Egyptian Libya
97%
Land of the Basotho Sesotho Lesotho
95%
Named for the Latgalian tribe Latvian Latvia
94%
Free Latin Liberia
94%
Gilbert Islands English Kiribati
92%
Light stone German Liechtenstein
88%
Field of blackbirds Serbian Kosovo
74%
To consolidate Baltic languages Lithuania
73%
Land of the forty tribes East-Turkic / Persian Kyrgyzstan
71%
Fortress built near water Arabic Kuwait
67%
Little castle Celtic / German Luxembourg
65%
White mountain Kikuyu Kenya
64%
White / milk Arabic Lebanon
55%
No matching quizzes found
Score Distribution
Percent of People with Each Score
Percentile by Number Answered
Your Score History
You have not taken this quiz